Statistics for SAT Words HARD Click Quiz - Y

Click here to take the quiz!

General Stats

  • This quiz has been taken 106 times
  • The average score is 8 of 15

Answer Stats

HintAnswer% Correct
Abominable snowmanYeti
94%
Young, typically college-educated, working urbaniteYuppie
84%
Low-quality, cheap novel popular in 19th centuryYellowback
79%
Cry out from excitement or fearYipe
79%
Friend or acquaintance, especially from workYokefellow
79%
Traditional Jewish skullcapYarmulke
78%
Jewish religious institution for Talmudic studyYeshiva
68%
Hindu or buddhist geometric symbol used for meditationYantra
65%
Traditional Muslim facial covering, leaving only a woman’s eyes visibleYashmak
47%
Young man; childYounker
41%
Primordial matter that formed the universeYlem
34%
SafecrackerYegg
24%
Hot pot dish of fish, vegetables, and brothYosenabe
15%
Vital energy or readiness for action; flightworthinessYarak
13%
Russian leatherYuft
9%

Score Distribution

Percentile by Number Answered

Percent of People with Each Score

Your Score History

You have not taken this quiz